| 000 | 00523nam a2200181 4500 | ||
|---|---|---|---|
| 003 | SEACOMEC | ||
| 005 | 20240712113357.0 | ||
| 008 | 240712b |||||||| |||| 00| 0 eng d | ||
| 020 |
_a978-0-07-337604-2 _cRs380.00 |
||
| 040 | _aSEACOMEC | ||
| 082 |
_a004.62 _bF692 |
||
| 100 | _aForouzan, Behrouz A | ||
| 245 | 1 |
_aTCP/IP: protocol suite _cBehrouz A Forouzan and Sophia Chung Fegan |
|
| 250 | _a2nd ed. | ||
| 260 |
_a New Delhi _bTata McGraw Hill _c 2006 |
||
| 650 | _aTCP/IP (Computer network protocol) | ||
| 942 | _cBOOK | ||
| 999 |
_c1405 _d1405 |
||